Diccionario italiano-español y español-italiano
Сохранить в:
| Главный автор: | |
|---|---|
| Формат: | |
| Язык: | испанский итальянский |
| Опубликовано: |
Barcelona
Sopena
1976
|
| Предметы: | |
| Метки: |
Добавить метку
Нет меток, Требуется 1-ая метка записи!
|
MARC
| LEADER | 00000nam a2200000 a 4500 | ||
|---|---|---|---|
| 001 | UCL4480 | ||
| 003 | CL-VaPUC | ||
| 008 | 040116e19760000SP |||||||||||||||||spa|d | ||
| 020 | |a 843030133X | ||
| 041 | 0 | 7 | |a spa |2 CL-VaPUC |
| 041 | 0 | 7 | |a ita |2 CL-VaPUC |
| 082 | 0 | 4 | |a 453.61 |b MAR |2 21 |
| 100 | |a Martínez Amador, Emilio María |e autor |9 557086 | ||
| 245 | 1 | 0 | |a Diccionario italiano-español y español-italiano |
| 246 | 1 | 0 | |a Dizinario italiano-spagnolo e spagnolo-italiano |
| 300 | |a 1434 p | ||
| 942 | |c BK | ||
| 945 | |d 20040116 00:00:00 |a cmena | ||
| 260 | |a Barcelona |b Sopena |c 1976 | ||
| 650 | 7 | |a DICCIONARIOS ITALIANO-ESPAÑOL |2 CL-VaPUC |9 264771 | |
| 650 | 7 | |a DICCIONARIOS ESPAÑOL-ITALIANO |2 CL-VaPUC |9 264772 | |
| 583 | |a last modification |c 20120618 03:09:12 |k Rodrigo Vera | ||
| 999 | |c 307307 |d 307305 | ||
| 952 | |0 0 |1 0 |4 0 |6 453_610000000000000_MAR_1976 |7 0 |8 X |9 373161 |a BIBCUR |b BIBCUR |d 2019-11-21 |i 3920186 |o 453.61 MAR 1976 |p 3920186 |r 2025-04-22 |w 2019-11-21 |y BK_X |k BCB | ||
| 952 | |0 0 |1 0 |4 0 |6 453_610000000000000_MAR_1976 |7 0 |8 F |9 373162 |a BIBEDU |b BIBEDU |d 2019-11-21 |i 4161874 |o 453.61 MAR 1976 |p 4161874 |r 2023-01-13 |w 2019-11-21 |y BK_F |k LIT | ||